Autoemplearse: crear, creer y crecer

محفوظ في:
التفاصيل البيبلوغرافية
المؤلفون الرئيسيون: Bader, Jorge (مؤلف), Busalachi, Marcelo D (مؤلف)
التنسيق: كتاب
اللغة:الإسبانية
منشور في: Buenos Aires De los Cuatro Vientos 2003
الموضوعات:
الوسوم: إضافة وسم
لا توجد وسوم, كن أول من يضع وسما على هذه التسجيلة!

MARC

LEADER 00000nam a2200000 a 4500
001 UCK0628
003 CL-VaPUC
008 041015e20030000AG |||||||||||||||||spa|d
020 |a 9875640255 
082 0 4 |a 658.041  |b BAD  |2 21 
100 0 |a Bader, Jorge  |e author  |9 488571 
700 0 |a Busalachi, Marcelo D  |e author  |9 488572 
245 1 0 |a Autoemplearse: crear, creer y crecer 
300 |a 155 p 
942 |c BK 
945 |d 20041015 00:00:00  |a cmena 
260 |a Buenos Aires  |b De los Cuatro Vientos  |c 2003 
650 7 |a MICROEMPRESAS  |2 CL-VaPUC  |9 373511 
650 0 |a Planificación estratégica   |9 259735 
650 0 |a Administración de empresas   |9 260833 
583 |a last modification  |c 20041015 00:00:00  |k Rodrigo Vera 
999 |c 310994  |d 310992 
952 |0 0  |1 0  |4 0  |6 658_041000000000000_BAD_2003  |7 0  |8 A  |9 380135  |a BIBGIM  |b BIBGIM  |d 2019-11-21  |i 4072081  |o 658.041 BAD 2003  |p 4072081  |r 2025-01-15  |w 2019-11-21  |y BK  |k SSL